<?xml version="1.0" encoding="UTF-8"?>
<marc:record xmlns:marc="http://www.loc.gov/MARC21/slim">
   <marc:leader>00000nam a2200000 a 4500</marc:leader>
   <marc:datafield ind1="1" ind2=" " tag="100">
      <marc:subfield code="a">Jefferies Dinah</marc:subfield>
      <marc:subfield code="4">aut</marc:subfield>
      <marc:subfield code="e">Verfasser/-in</marc:subfield>
   </marc:datafield>
   <marc:datafield ind1="0" ind2="0" tag="245">
      <marc:subfield code="a">Die Saphirtochter</marc:subfield>
   </marc:datafield>
   <marc:datafield ind1=" " ind2="1" tag="264">
      <marc:subfield code="b">BASTEI LÜBBE AG</marc:subfield>
   </marc:datafield>
   <marc:datafield ind1="1" ind2=" " tag="520">
      <marc:subfield code="a">Ceylon, 1935. Louisa Reeve, Tochter eines erfolgreichen Edelsteinhändlers, ist glücklich verheiratet. Doch dann verunglückt ihr Ehemann tötlich, und Louise erfährt, das er ein Geheimnis hütete, das ihn immer wieder zu einer Zimtplantage namens Cinnamon Hills führte.</marc:subfield>
   </marc:datafield>
   <marc:datafield ind1=" " ind2=" " tag="020">
      <marc:subfield code="a">9783785726457</marc:subfield>
      <marc:subfield code="9">9783785726457</marc:subfield>
   </marc:datafield>
</marc:record>
